<?xml version="1.0" encoding="UTF-8"?>
<record
    xmlns:xsi="http://www.w3.org/2001/XMLSchema-instance"
    xsi:schemaLocation="http://www.loc.gov/MARC21/slim http://www.loc.gov/standards/marcxml/schema/MARC21slim.xsd"
    xmlns="http://www.loc.gov/MARC21/slim">

  <leader>02299    a2200217   4500</leader>
  <controlfield tag="001">43568</controlfield>
  <controlfield tag="005">20260407155717.0</controlfield>
  <controlfield tag="008">260407a1970    arg                 spa d</controlfield>
  <controlfield tag="003">AR-UNSa-BCEJYS</controlfield>
  <datafield tag="040" ind1=" " ind2=" ">
    <subfield code="a">AR-UNSa-BCEJYS</subfield>
    <subfield code="b">spa</subfield>
    <subfield code="c">AR-UNSa-BCEJYS</subfield>
  </datafield>
  <datafield tag="080" ind1=" " ind2=" ">
    <subfield code="a">94:33</subfield>
    <subfield code="x">Historia econ&#xF3;mica</subfield>
  </datafield>
  <datafield tag="245" ind1="1" ind2="0">
    <subfield code="a">Historia econ&#xF3;mica mundial</subfield>
  </datafield>
  <datafield tag="250" ind1=" " ind2=" ">
    <subfield code="a">3a. ed.</subfield>
  </datafield>
  <datafield tag="264" ind1=" " ind2="1">
    <subfield code="a">Madrid :</subfield>
    <subfield code="b">Ediciones Rialp</subfield>
    <subfield code="c">1970</subfield>
  </datafield>
  <datafield tag="300" ind1=" " ind2=" ">
    <subfield code="a">446 p.</subfield>
    <subfield code="c">23 cm.</subfield>
  </datafield>
  <datafield tag="505" ind1=" " ind2=" ">
    <subfield code="a">Vol. I - Prehistoria y mundo antiguo: - 1. Las civilizaciones prehist&#xF3;ricas - 2. Principales civilizaciones en la edad del bronce - 3. Las civilizaciones del hierro - 4. La Grecia cl&#xE1;sica - 5. La econom&#xED;a en la &#xE9;poca helen&#xED;stica - 6. El mundo econ&#xF3;mico romano - La edad media: Primera parte: Econom&#xED;a rural. siglo V-XI: - 7. La explotaci&#xF3;n y la producci&#xF3;n agr&#xED;cola - 8. El comercio y la industria - Segunda parte: Econom&#xED;a urbana. Siglo XI-XV: - 9. La econom&#xED;a urbana - 10. La evoluci&#xF3;n demogr&#xE1;fica - 11. Progreso y crisis agr&#xED;cola - 12. LA producci&#xF3;n industrial - 13. La organizaci&#xF3;n del trabajo - 14. El comercio internacional. Rutas, transporte y organizaci&#xF3;n - 15. Los centros y las direcciones del comercio internacional - 16. Las compa&#xF1;&#xED;as mercantiles - 17. R&#xE9;gimen y circulaci&#xF3;n monetaria - 18. Los instrumentos de pago y cr&#xE9;dito - 19. Instituciones crediticias y bancarias - 20. Evoluci&#xF3;n de la conyuntura econ&#xF3;mica - 21. La mentalidad econ&#xF3;mica medieval - Edad moderna: Primera parte: El capitalismo comercial - 22. La primera &#xE9;poca capitalista - 23. El marco pol&#xED;tico y doctrinal de la nueva &#xE9;poca - 24. Las estructuras y movilidad demogr&#xE1;ficas - 25. La estructura y la producci&#xF3;n agr&#xED;cola - 26. El comercio colonial - 27. El comercio europeo. Rutas, puertos, tr&#xE1;ficos - 28. La producci&#xF3;n industrial. T&#xE9;cnica, organizaci&#xF3;n, repartici&#xF3;n geogr&#xE1;fica - 29. Firmas capitalistas y sociedades por acciones - 30. La circulaci&#xF3;n monetaria. Moneda met&#xE1;lica e instrumentos de cr&#xE9;dito - 31. Las instituciones bancarias - 32. El mercado financiero. Ferias y bolsas - 33. La hacienda y el cr&#xE9;dito estatal. La deuda p&#xFA;blica - 34. La tendencia coyuntural. Precios, salarios, situaci&#xF3;n social </subfield>
  </datafield>
  <datafield tag="041" ind1=" " ind2=" ">
    <subfield code="a">spa</subfield>
  </datafield>
  <datafield tag="942" ind1=" " ind2=" ">
    <subfield code="c">BK</subfield>
  </datafield>
  <datafield tag="590" ind1=" " ind2=" ">
    <subfield code="a">niveau_biblio:m niveau_hierar:0</subfield>
  </datafield>
  <datafield tag="100" ind1="1" ind2=" ">
    <subfield code="a">Vazquez de Prada, Valentin</subfield>
  </datafield>
  <datafield tag="999" ind1=" " ind2=" ">
    <subfield code="c">3700</subfield>
    <subfield code="d">3700</subfield>
  </datafield>
  <datafield tag="952" ind1=" " ind2=" ">
    <subfield code="0">0</subfield>
    <subfield code="1">0</subfield>
    <subfield code="4">0</subfield>
    <subfield code="7">0</subfield>
    <subfield code="a">BCEJYS</subfield>
    <subfield code="b">BCEJYS</subfield>
    <subfield code="c">16</subfield>
    <subfield code="d">2026-04-07</subfield>
    <subfield code="l">0</subfield>
    <subfield code="o">94:33 V393 v.1 3ed.</subfield>
    <subfield code="p">L24292</subfield>
    <subfield code="r">2026-04-07 15:57:17</subfield>
    <subfield code="w">2026-04-07</subfield>
    <subfield code="y">L</subfield>
  </datafield>
</record>
